| 000 | 005090000a22001810004500 | ||
|---|---|---|---|
| 020 | _a0-310-26810-9 | ||
| 041 | 0 | _aENG | |
| 082 | 0 | 4 | _aG 254 K484o |
| 100 | 1 | _aKilinski, Kenneth K. | |
| 245 | 1 | 0 | _aOrganization and leadership in the local church / Henneth K. Kilinski, Jerry C. Wofford |
| 260 | _aGrand Rapids, MI., USA : Zondervan | ||
| 300 | _a253 Pag | ||
| 001 | 11895 | ||
| 942 | _cBK | ||
| 999 |
_c40963 _d40963 |
||
| 336 |
_atexto _btxt _2rdacontent |
||
| 337 |
_2rdamedia _asin mediación _bn |
||
| 338 |
_2rdacarrier _avolumen _bnc |
||